000 004560000a22001810004500
003 MACL
005 20151016140917.0
008 151016b xxu||||| |||| 00| 0 eng d
040 _aMACL
_cMACL
041 _aEnglish
082 _a920/BAN
100 _aBanerjee,Surabhi
_915302
245 _aJyoti Basu With The People
_bA Political Memoir
260 _aDelhi
_bUBS Publishers
_c1997
350 _a250
650 _aBiography
_915303
942 _cBK
_k920
_2ddc
999 _c1537
_d1537